000 01742nam0a2200337 4500
001 RU\NLR\BIBL_A\012922260
005 20230110113139.0
010 _a978-5-907548-02-2
_9100
021 _aRU
_bКН-П-22-063398
_9КН-П-22-5491
035 _a(NLR Aleph) 012922260
035 _a(RuMoRGB)011214717
090 _a12648003
_c12648003
100 _a20221026d2022 u y0rusy50 ca
101 0 _aukr
_arus
102 _aRU
105 _aac z 000gy
181 0 _ai3
_baxxe
182 1 _an
200 1 _aНароджений на березi Днiпра
_e[стихи
_eна украинском языке]
_fМикола Настобурко
203 _aТекст
_bвизуальный
_cнепосредственный
210 _aСiмферополь
_cФорма
_d2022
215 _a127 с.
_cил., портр.
_d18
327 1 _aСодерж.: циклы: Мiй досвiд; Уклiн класикам; Рибальськi спогади; Ймовiрнi iстрiī
330 _aВосьмая книга Симферопольского поэта представляет собой законченную пословицу на тему рыбной ловли. Это увлечение очевидно и понятно. Ведь первые 18 лет жизни автор, чей отец был настоящим фанатом "чешуи и хвоста", провел в городе Никополь, на берегу Реки Днепр
686 2 _aШ6(2=Ук)7-5
700 1 _aНастобурко
_bМ. І.
_f1953-
_gМикола Іванович
942 _cBOOK
980 _aNB